<?xml version="1.0" encoding="UTF-8"?>
<record
    xmlns:xsi="http://www.w3.org/2001/XMLSchema-instance"
    xsi:schemaLocation="http://www.loc.gov/MARC21/slim http://www.loc.gov/standards/marcxml/schema/MARC21slim.xsd"
    xmlns="http://www.loc.gov/MARC21/slim">

  <leader>00483nam a2200169   4500</leader>
  <controlfield tag="001">344</controlfield>
  <controlfield tag="005">20181127161334.0</controlfield>
  <datafield tag="020" ind1="0" ind2="0">
    <subfield code="a">0333910168</subfield>
  </datafield>
  <datafield tag="090" ind1="0" ind2="0">
    <subfield code="a">414.8 B1718t 2008 </subfield>
  </datafield>
  <datafield tag="100" ind1="0" ind2="0">
    <subfield code="a">Balasubramanian, T.</subfield>
  </datafield>
  <datafield tag="245" ind1="0" ind2="0">
    <subfield code="a">A textbook of english phonetics for Indian students / </subfield>
    <subfield code="b"></subfield>
    <subfield code="c">T. Balasubramanian.</subfield>
    <subfield code="h"></subfield>
  </datafield>
  <datafield tag="260" ind1="0" ind2="0">
    <subfield code="a">Delhi :</subfield>
    <subfield code="b">Macmillan, </subfield>
    <subfield code="c">2008.</subfield>
  </datafield>
  <datafield tag="300" ind1="0" ind2="0">
    <subfield code="a">207 p.</subfield>
  </datafield>
  <datafield tag="650" ind1="0" ind2="0">
    <subfield code="a">English language --Phonetics.</subfield>
    <subfield code="x"></subfield>
  </datafield>
  <datafield tag="650" ind1="0" ind2="0">
    <subfield code="a">English language --Phonology.</subfield>
    <subfield code="x"></subfield>
  </datafield>
  <datafield tag="650" ind1="0" ind2="0">
    <subfield code="a">Phonetics. </subfield>
    <subfield code="x"></subfield>
  </datafield>
  <datafield tag="999" ind1=" " ind2=" ">
    <subfield code="c">302</subfield>
    <subfield code="d">302</subfield>
  </datafield>
  <datafield tag="952" ind1=" " ind2=" ">
    <subfield code="0">0</subfield>
    <subfield code="1">0</subfield>
    <subfield code="2">ddc</subfield>
    <subfield code="4">0</subfield>
    <subfield code="7">0</subfield>
    <subfield code="8">REFERENCE</subfield>
    <subfield code="a">RTCLIB</subfield>
    <subfield code="b">RTCLIB</subfield>
    <subfield code="c">REFERENCE</subfield>
    <subfield code="d">2022-03-01</subfield>
    <subfield code="g">400.00</subfield>
    <subfield code="h"> </subfield>
    <subfield code="i">119</subfield>
    <subfield code="o">414.8 BAL</subfield>
    <subfield code="p">30003109</subfield>
    <subfield code="r">2018-11-27 00:00:00</subfield>
    <subfield code="t">1</subfield>
    <subfield code="w">2018-11-27</subfield>
    <subfield code="y">REFERENCE</subfield>
  </datafield>
  <datafield tag="952" ind1=" " ind2=" ">
    <subfield code="0">0</subfield>
    <subfield code="1">0</subfield>
    <subfield code="2">ddc</subfield>
    <subfield code="4">0</subfield>
    <subfield code="7">0</subfield>
    <subfield code="8">MAIN</subfield>
    <subfield code="a">RTCLIB</subfield>
    <subfield code="b">RTCLIB</subfield>
    <subfield code="c">MAIN</subfield>
    <subfield code="d">2022-03-01</subfield>
    <subfield code="g">400.00</subfield>
    <subfield code="h"> </subfield>
    <subfield code="i">120</subfield>
    <subfield code="o">414.8 BAL</subfield>
    <subfield code="p">30002858</subfield>
    <subfield code="r">2018-11-27 00:00:00</subfield>
    <subfield code="t">5</subfield>
    <subfield code="w">2018-11-27</subfield>
    <subfield code="y">MAIN</subfield>
  </datafield>
  <datafield tag="952" ind1=" " ind2=" ">
    <subfield code="0">0</subfield>
    <subfield code="1">0</subfield>
    <subfield code="2">ddc</subfield>
    <subfield code="4">0</subfield>
    <subfield code="7">0</subfield>
    <subfield code="8">MAIN</subfield>
    <subfield code="a">RTCLIB</subfield>
    <subfield code="b">RTCLIB</subfield>
    <subfield code="c">MAIN</subfield>
    <subfield code="d">2022-03-01</subfield>
    <subfield code="g">400.00</subfield>
    <subfield code="h"> </subfield>
    <subfield code="i">118</subfield>
    <subfield code="o">414.8 BAL</subfield>
    <subfield code="p">30002887</subfield>
    <subfield code="r">2018-11-27 00:00:00</subfield>
    <subfield code="t">3</subfield>
    <subfield code="w">2018-11-27</subfield>
    <subfield code="y">MAIN</subfield>
  </datafield>
  <datafield tag="952" ind1=" " ind2=" ">
    <subfield code="0">0</subfield>
    <subfield code="1">0</subfield>
    <subfield code="2">ddc</subfield>
    <subfield code="4">0</subfield>
    <subfield code="7">0</subfield>
    <subfield code="8">MAIN</subfield>
    <subfield code="a">RTCLIB</subfield>
    <subfield code="b">RTCLIB</subfield>
    <subfield code="c">MAIN</subfield>
    <subfield code="d">2022-03-01</subfield>
    <subfield code="g">400.00</subfield>
    <subfield code="h"> </subfield>
    <subfield code="i">122</subfield>
    <subfield code="o">414.8 BAL</subfield>
    <subfield code="p">30002869</subfield>
    <subfield code="r">2018-11-27 00:00:00</subfield>
    <subfield code="t">4</subfield>
    <subfield code="w">2018-11-27</subfield>
    <subfield code="y">MAIN</subfield>
  </datafield>
  <datafield tag="952" ind1=" " ind2=" ">
    <subfield code="0">0</subfield>
    <subfield code="1">0</subfield>
    <subfield code="2">ddc</subfield>
    <subfield code="4">0</subfield>
    <subfield code="7">0</subfield>
    <subfield code="8">MAIN</subfield>
    <subfield code="a">RTCLIB</subfield>
    <subfield code="b">RTCLIB</subfield>
    <subfield code="c">MAIN</subfield>
    <subfield code="d">2022-03-01</subfield>
    <subfield code="g">400.00</subfield>
    <subfield code="h"> </subfield>
    <subfield code="i">123</subfield>
    <subfield code="o">414.8 BAL</subfield>
    <subfield code="p">30002929</subfield>
    <subfield code="r">2018-11-27 00:00:00</subfield>
    <subfield code="t">6</subfield>
    <subfield code="w">2018-11-27</subfield>
    <subfield code="y">MAIN</subfield>
  </datafield>
  <datafield tag="952" ind1=" " ind2=" ">
    <subfield code="0">0</subfield>
    <subfield code="1">0</subfield>
    <subfield code="2">ddc</subfield>
    <subfield code="4">0</subfield>
    <subfield code="7">0</subfield>
    <subfield code="8">MAIN</subfield>
    <subfield code="a">RTCLIB</subfield>
    <subfield code="b">RTCLIB</subfield>
    <subfield code="c">MAIN</subfield>
    <subfield code="d">2022-03-01</subfield>
    <subfield code="g">400.00</subfield>
    <subfield code="h"> </subfield>
    <subfield code="i">121</subfield>
    <subfield code="o">414.8 BAL</subfield>
    <subfield code="p">30002894</subfield>
    <subfield code="r">2018-11-27 00:00:00</subfield>
    <subfield code="t">2</subfield>
    <subfield code="w">2018-11-27</subfield>
    <subfield code="y">MAIN</subfield>
  </datafield>
  <datafield tag="952" ind1=" " ind2=" ">
    <subfield code="0">0</subfield>
    <subfield code="1">0</subfield>
    <subfield code="2">ddc</subfield>
    <subfield code="4">0</subfield>
    <subfield code="7">0</subfield>
    <subfield code="8">MAIN</subfield>
    <subfield code="a">RTCLIB</subfield>
    <subfield code="b">RTCLIB</subfield>
    <subfield code="c">MAIN</subfield>
    <subfield code="d">2022-03-01</subfield>
    <subfield code="g">400.00</subfield>
    <subfield code="h"> </subfield>
    <subfield code="i">6610</subfield>
    <subfield code="o">414.8  BAL</subfield>
    <subfield code="p">30006307</subfield>
    <subfield code="r">2018-11-27 00:00:00</subfield>
    <subfield code="t">7</subfield>
    <subfield code="w">2018-11-27</subfield>
    <subfield code="y">MAIN</subfield>
  </datafield>
</record>
